000 00601nam a2200217Ia 4500
005 20250508162545.0
008 008 250505s9999 xx 000 0 eng d
020 _a0-85000-059-X
037 _aTextual
040 _aFEDL
_beng
_cFEDL
041 _aeng
_2eng
084 _a370, RIB
_qFEDL
100 _aRibbins Peter Ed.
_9280784
245 0 _aSchooling and welfare
260 _aLondon, UK
_bThe Falmer Press
_c1985
300 _avii,202p
490 _aContemporary analysis in education series
650 _aEducation
942 _cTEXL
_h370, RIB
999 _c1377289
_d1377289